| 000 | 00798nam a2200265 a 4500 | ||
|---|---|---|---|
| 001 | 000025652 | ||
| 005 | 20200930023939.0 | ||
| 008 | 110216s2001 mx r 000 |aspa d | ||
| 020 | _a8478820604 | ||
| 040 |
_aDO-SdBNP _bspa _cBNPHU |
||
| 041 |
_aspa _heng _2Código de idioma MARC |
||
| 082 |
_axxx _bR696p |
||
| 100 | 1 |
_aRidley, Matt, _952388 |
|
| 240 | 0 |
_aGenome _lEspañol |
|
| 245 | 1 | 0 |
_aGenoma : _bla autobiografía de una especie en 23 capítulos / _cMatt Ridley ; traducción Irene Cifuentes. |
| 260 |
_aMéxico, D. F. : _bTaurus, _c2001. |
||
| 300 |
_a388 p. ; _c24 cm. |
||
| 490 | 1 | _aTaurus | |
| 490 | 1 | _aPensamiento | |
| 534 |
_aTítulo original : _tGenome |
||
| 700 | 1 |
_aCifuentes, Irene, _etr. _952389 |
|
| 830 | 0 |
_aTaurus _952390 |
|
| 830 | 0 |
_aPensamiento _99245 |
|
| 049 | _aBNGR | ||
| 999 |
_c25144 _d25144 |
||